<?xml version="1.0" encoding="UTF-8"?>
<record
    xmlns:xsi="http://www.w3.org/2001/XMLSchema-instance"
    xsi:schemaLocation="http://www.loc.gov/MARC21/slim http://www.loc.gov/standards/marcxml/schema/MARC21slim.xsd"
    xmlns="http://www.loc.gov/MARC21/slim">

  <leader>00647nam a2200169Ia 4500</leader>
  <controlfield tag="001">3584</controlfield>
  <controlfield tag="003">OSt</controlfield>
  <controlfield tag="005">20150622112717.0</controlfield>
  <controlfield tag="008">140317s9999    xx            000 0 und d</controlfield>
  <datafield tag="040" ind1=" " ind2=" ">
    <subfield code="c">PK-LaUMT</subfield>
  </datafield>
  <datafield tag="082" ind1=" " ind2=" ">
    <subfield code="a"> 954.03</subfield>
    <subfield code="b">ABD-A</subfield>
  </datafield>
  <datafield tag="100" ind1=" " ind2=" ">
    <subfield code="a">Abdullah Yusuf Ali(&#x639;&#x628;&#x62F;&#x627;&#x644;&#x644;&#x6C1; &#x6CC;&#x648;&#x633;&#x641; &#x639;&#x644;&#x6CC;)</subfield>
  </datafield>
  <datafield tag="245" ind1=" " ind2=" ">
    <subfield code="a">Angrazi ehad men Hindustan ke tamaddan ki tareekh (Urdu)(&#x627;&#x646;&#x6AF;&#x631;&#x6CC;&#x627;&#x6CC; &#x639;&#x6C1;&#x62F; &#x645;&#x6CC;&#x6BA; &#x6C1;&#x646;&#x62F;&#x648;&#x633;&#x627;&#x646; &#x6A9;&#x6D2; &#x62A;&#x645;&#x62F;&#x646; &#x6A9;&#x6CC; &#x62A;&#x639;&#x631;&#x6CC;&#x641;)</subfield>
    <subfield code="c">Abdullah Yusuf Ali(&#x639;&#x628;&#x62F;&#x627;&#x644;&#x644;&#x6C1; &#x6CC;&#x648;&#x633;&#x641; &#x639;&#x644;&#x6CC;)</subfield>
  </datafield>
  <datafield tag="260" ind1=" " ind2=" ">
    <subfield code="a">Lahore,Pakistan:(&#x644;&#x627;&#x6C1;&#x648;&#x631;&#x60C; &#x67E;&#x627;&#x6A9;&#x633;&#x62A;&#x627;&#x646;)</subfield>
    <subfield code="b">Dost Associates,(&#x62F;&#x648;&#x633;&#x62A; &#x627;&#x6CC;&#x633;&#x648;&#x633;&#x6CC;&#x679;)</subfield>
    <subfield code="c">1994</subfield>
  </datafield>
  <datafield tag="546" ind1=" " ind2=" ">
    <subfield code="a">URDU</subfield>
  </datafield>
  <datafield tag="942" ind1=" " ind2=" ">
    <subfield code="c">BK</subfield>
    <subfield code="2">ddc</subfield>
  </datafield>
  <datafield tag="999" ind1=" " ind2=" ">
    <subfield code="c">3830</subfield>
    <subfield code="d">3830</subfield>
  </datafield>
  <datafield tag="952" ind1=" " ind2=" ">
    <subfield code="0">0</subfield>
    <subfield code="1">0</subfield>
    <subfield code="4">0</subfield>
    <subfield code="7">0</subfield>
    <subfield code="a">01</subfield>
    <subfield code="b">01</subfield>
    <subfield code="d">2014-03-17</subfield>
    <subfield code="l">0</subfield>
    <subfield code="o"> 954.03 ABD-A</subfield>
    <subfield code="p">599</subfield>
    <subfield code="r">2015-06-22 00:00:00</subfield>
    <subfield code="w">2014-03-17</subfield>
    <subfield code="y">BK</subfield>
  </datafield>
</record>
